| 000 | 00540nam a22001937a 4500 | ||
|---|---|---|---|
| 005 | 20240304115105.0 | ||
| 008 | 240228b |||||||| |||| 00| 0 eng d | ||
| 020 | _a978-93-92242-06-9 | ||
| 041 | _aeng | ||
| 082 |
_21st _aPS 610.7368 _bSON |
||
| 100 |
_aSoni Meenakshi _9205813 |
||
| 245 | _aT/B of Mental Health Nursing for GNM Students | ||
| 250 | _a1st | ||
| 260 |
_aMohali _bVision Health Sciences _c2021 |
||
| 300 |
_a296p _bPb _c24X18cm |
||
| 365 |
_aRupaye _b450.00 _cINR |
||
| 521 | _aMental Health GNM Nursing | ||
| 942 | _cBK | ||
| 999 |
_c357223 _d357223 |
||